Swedish Shires/Landskap - Statistics

General Stats
  • This quiz has been taken 71 times
  • The average score is 16 of 25
Answer Stats
Answer % Correct
Skåne
95%
Blekinge
83%
Småland
83%
Lappland
78%
Södermanland
76%
Uppland
73%
Västerbotten
73%
Gotland
71%
Närke
71%
Dalarna
68%
Norrbotten
68%
Halland
63%
Jämtland
63%
Medelpad
61%
Västergötland
61%
Östergötland
59%
Bohuslän
56%
Dalsland
56%
Öland
56%
Västmanland
54%
Gästrikland
46%
Härjedalen
44%
Värmland
44%
Hälsingland
41%
Ångermanland
39%
No matching quizzes found
Score Distribution
Percent of People with Each Score
Percentile by Number Answered
Your Score History
You have not taken this quiz